Протокол № 407 заседания Большого Совета Народных Комиссаров от 25 января 1921 г. и материалы к протоколу

Доступно только в Электронных читальных залах Найти на картеНа карте
RUSMARC
00003992nac2a22002891x 450
001059f33ee-8049-42ca-86a8-8d02e44d0be9
00520160428031312.0
100##$a20160225l1921 k y0rusy50 ca
1010#$arus
102##$aRU
105##$ay z |||||
1220#$ad19210125
2001#$aПротокол № 407 заседания Большого Совета Народных Комиссаров от 25 января 1921 г. и материалы к протоколу
$j25 января 1921
215##$a33 листа
251##$cДело
300##$aЗаголовок дела на папке: Протокол № 407 заседания Большого Совнаркома от 25 января 1921 года и материалы к протоколу
300##$aРукописный и машинописный текст
324##$aКопии
325##$aЗамикрофильмировано
330##$aВходит в раздел описи: Управление Делами Секретариат. I. Протоколы. б/ Протоколы Большого Совета Народных комиссаров
461#0$1001ad6baeac-e292-4829-90d1-2f4f65796a62
$12001
$aСОВЕТ НАРОДНЫХ КОМИССАРОВ РСФСР (СНК РСФСР)
$1251
$cФонд
$1852
$j130
$gР
462#0$1001749580a7-5abb-40c4-a39c-e540631a040a
$12001
$a1921 г.
$vД. 4
$1251
$cОпись
$1852
$j5
5171#$aПротокол № 407 заседания Большого Совнаркома от 25 января 1921 года и материалы к протоколу
60101$3RU\NLR\AUTH\661074810
$aРСФСР
$bСовет Народных Комиссаров
801#0$aRU
$bGA_RF
801#1$aRU
$bНПО Опыт
$c20160225
$2rusmarc
801#2$aRU
$bПБ им. Б.Н. Ельцина
$c20160428
$gRCR
$2rusmarc
852##$aГА РФ
$j4
937##$d72987894
$hПБ
035##$aRuPRLIB51037034
Формат отображения